000 00506nam a2200169Ia 4500
003 OSt
005 20200123110538.0
008 190216s9999||||xx |||||||||||||| ||und||
020 _a9780074637128
040 _coclc
082 _a658.4012
_bLEO/E
100 1 _aLeon, Alexis
_91194
245 0 _aEnterprise Resource Planning /
_cAlexis Leon
260 _bTataMcGraw Hill Publishing Company,
_c1999.
_aNew Delhi:
300 _a308p
942 _cBK
_2ddc
_h658.4012
_iLEO/E
_k658.4012
_mLEO/E
999 _c6594
_d6594